Central Library OPAC University of Rajshahi

The Jacobean poets / (Record no. 18039)

MARC details
000 -LEADER
fixed length control field 00776cam a2200265 4500
001 - CONTROL NUMBER
control field 18039
003 - CONTROL NUMBER IDENTIFIER
rucl marc code BD-RjUL
005 - DATE AND TIME OF LATEST TRANSACTION
control field 20211209000229.0
008 - FIXED-LENGTH DATA ELEMENTS--GENERAL INFORMATION
fixed length control field 140219r19691894nyu 001 1 eng
020 ## - INTERNATIONAL STANDARD BOOK NUMBER
International Standard Book Number 0837127556
035 ## - SYSTEM CONTROL NUMBER
System control number (BD-RjUL)18097
040 ## - CATALOGING SOURCE
Original cataloging agency DLC
Transcribing agency DLC
Modifying agency BD-RjUL
Language of cataloging eng
041 ## - LANGUAGE CODE
Language code of text/sound track or separate title eng
082 00 - DEWEY DECIMAL CLASSIFICATION NUMBER
Classification number 820.9003
Author mark and year GOJ 1969
100 1# - MAIN ENTRY--PERSONAL NAME
Personal name Gosse, Edmund,
Dates associated with a name 1849-1928.
9 (RLIN) 23838
245 14 - TITLE STATEMENT
Title The Jacobean poets /
Statement of responsibility, etc. Edmund Gosse.
260 ## - PUBLICATION, DISTRIBUTION, ETC. (IMPRINT)
Place of publication, distribution, etc. New York :
Name of publisher, distributor, etc. Greenwood Press,
Date of publication, distribution, etc. 1894 [Reprinted 1969].
300 ## - PHYSICAL DESCRIPTION
Pagination vi, 226 p. ;
Size 22 cm.
490 0# - SERIES STATEMENT
Series statement The University series
500 ## - GENERAL NOTE
General note Includes index.
650 #0 - SUBJECT ADDED ENTRY--TOPICAL TERM
Topical term or geographic name as entry element English poetry
Chronological subdivision Early modern, 1500-1700
General subdivision History and criticism.
9 (RLIN) 4392
942 ## - ADDED ENTRY ELEMENTS (KOHA)
Source of classification or shelving scheme Dewey Decimal Classification
Koha item type Books
Holdings
Lost status Source of classification or shelving scheme Damaged status Not for loan Collection code Permanent Location Current Location Shelving location Date acquired Source of acquisition Total Checkouts Full call number Date last seen Copy number Koha item type
  Dewey Decimal Classification   Not For Loan Fiction Central Library, University of Rajshahi Central Library, University of Rajshahi Reading Room 18/07/1971 N/A   820.9003 GOJ 1969 19/02/2014 C-1 Books